00654nam a2200241 a 4500001001300000003000900013005001700022008004100039020001300080082001300093100001800106245002600124260003200150300000900182500003500191505001000226650001400236700001800250902000800268942000700276952011400283999001500397nice12345678IN_TiNIC20260116012259.0050524s1985 lona grp 000 0 eng  ac331.6500a133bSCO aScott, Ernest aPeople of the Secret. aLondonbOctagon Pressc1985 a263p aincludes index and biblioraphy2 aIndex aOccultism1 aScott, Ernest bSRS cBK 001040708StackRoom-aHMIbHMId2007-03-15g331.65l0o133 SCOp012192r2007-03-15v331.65w2005-05-24yBK c6369d6369